[Event "GER-ch U10"]
[Site "Willingen"]
[Date "2016.05.15"]
[Round "1.7"]
[White "Lehmann, Nils"]
[Black "Roessel, Gino"]
[Result "0-1"]
[WhiteElo "1305"]
[BlackElo "1590"]
[PlyCount "94"]
[EventDate "2016.05.15"]
[EventType "swiss"]
[EventRounds "11"]
[EventCountry "GER"]
[SourceTitle "CBM 172 Extra"]
[Source "ChessBase"]
[SourceDate "2016.06.21"]
[SourceVersion "1"]
[SourceVersionDate "2016.06.21"]
[SourceQuality "1"]

1. e4 e6 2. d4 d5 3. Nc3 Bb4 4. e5 c5 5. Be3 Nc6 6. Nf3 Nge7 7. a3 Bxc3+ 8. bxc3 Nf5 9. Be2 0-0 10. 0-0 Bd7 11. Rb1 Rb8 12. Qd2 c4 13. Bg5 Qa5 14. Ra1 Nce7 15. Bxe7 Nxe7 16. Rfb1 b5 17. h3 Rbe8 18. Re1 f6 19. Bf1 Ng6 20. Ra2 Re7 21. exf6 gxf6 22. Raa1 Rg7 23. g3 Ne7 24. Bg2 Nc8 25. Nh2 Nd6 26. Ng4 h5 27. Ne3 f5 28. Nf1 Ne4 29. Bxe4 fxe4 30. Ne3 Qd8 31. Kh1 Qf6 32. Rf1 Qf3+ 33. Kh2 h4 34. g4 Qf4+ 35. Kh1 e5 36. dxe5 Be6 37. Rab1 a6 38. Rbd1 Qxe5 39. Qd4 Qg5 40. Qd2 Rf3 41. Kg2 Qe5 42. Qd4 Qf4 43. Qd2 Bxg4 44. Qxd5+ Be6+ 45. Ng4 Rxg4+ 46. hxg4 Qxg4+ 47. Kh2 Rh3# 0-1

[Event "Wiesbaden op 27th"]
[Site "Wiesbaden"]
[Date "2015.08.30"]
[Round "7"]
[White "Porstendoerfer, Yannik"]
[Black "Lehmann, Nils"]
[Result "1/2-1/2"]
[WhiteElo "1200"]
[BlackElo "1406"]
[PlyCount "123"]
[EventDate "2015.08.27"]
[EventType "swiss"]
[EventRounds "7"]
[EventCountry "GER"]
[SourceTitle "EXT 2016"]
[Source "ChessBase"]
[SourceDate "2015.10.08"]
[SourceVersion "1"]
[SourceVersionDate "2015.10.08"]
[SourceQuality "1"]

1. g3 d5 2. Bg2 Nc6 3. e3 e5 4. d3 Bc5 5. a3 Nf6 6. b4 Bb6 7. Ne2 Be6 8. Nd2 Qd7 9. Bb2 a6 10. h3 0-0 11. Kf1 Rfe8 12. Kg1 Rad8 13. Kh2 h6 14. Rf1 Nh7 15. Nf3 Bf5 16. Nh4 e4 17. Nxf5 Qxf5 18. Qd2 Ng5 19. Qc3 f6 20. Ng1 Re6 21. f4 exf3 22. Nxf3 Nxf3+ 23. Rxf3 Qe5 24. Qxe5 Nxe5 25. Bxe5 Rxe5 26. d4 Re6 27. Re1 Rc6 28. Re2 Rc3 29. Rf5 c6 30. a4 Ra3 31. a5 Bc7 32. e4 Rxg3 33. Kh1 Re8 34. e5 Rc3 35. e6 Rc4 36. e7 Bd6 37. Rxd5 Rxe7 38. Rxe7 Bxe7 39. Rd7 Bxb4 40. Rxb7 Bxa5 41. Ra7 Bc3 42. Rxa6 Bxd4 43. Rxc6 Rxc6 44. Bxc6 Kf7 45. Kg2 Ke6 46. Kf3 Kd6 47. Be4 Ke5 48. Bd3 f5 49. c4 g5 50. Kg3 h5 51. Be2 h4+ 52. Kf3 Bc5 53. Bd1 Kd4 54. Bc2 f4 55. Bf5 Kxc4 56. Bg4 Kd3 57. Bf5+ Kd2 58. Bg4 Bg1 59. Bf5 Bh2 60. Bg4 Bg3 61. Bf5 Ke1 62. Bg4 1/2-1/2